HRM Reality Putting Competence in Context
Gespeichert in:
| Weitere Verfasser: | , , |
|---|---|
| Format: | Buch |
| Sprache: | Englisch |
| Veröffentlicht: |
Cincinnati
South-Western Publ. Co.
1992
|
| Ausgabe: | 1. ed. |
| Schlagworte: | |
| Tags: |
Keine Tags, Fügen Sie das erste Tag hinzu!
|
MARC
| LEADER | 00000nam a2200000 4500 | ||
|---|---|---|---|
| 001 | c014274 | ||
| 005 | 20221206084732.0 | ||
| 020 | |a 0-538-81384-9 | ||
| 041 | 0 | |a eng | |
| 044 | |a US | ||
| 245 | 1 | 0 | |a HRM Reality |b Putting Competence in Context |c Hl. zost. Peter J. Frost, Vance F. Mitchell, Walter R. Nord |
| 250 | |a 1. ed. | ||
| 264 | 1 | |a Cincinnati |b South-Western Publ. Co. |c 1992 | |
| 300 | |a 449 s. | ||
| 610 | 2 | 0 | |a riadenie |
| 610 | 2 | 0 | |a zdroje ľudské |
| 610 | 2 | 0 | |a manažment |
| 610 | 2 | 0 | |a manažment personálny |
| 700 | 1 | |a Frost, Peter J. | |
| 700 | 1 | |a Mitchell, Vance F. | |
| 700 | 1 | |a Nord, Walter R. | |